000 00859nam a2200193 i 4500
001 137003
003 ES-MaACL
005 20230906195302.0
007 t|
008 070214s1922 fr r ||||1| fre d
100 1 _aSaint-Saud, Aymard de (
_d1853-1932)
_9149331
245 1 0 _aMonographie des Picos de Europa
_b: (pyrénées Cantabriques et Asturiennes) : etudes et voyages /
_cComte de Saint-Saud ; cartes dressées et dessinées par le Colonel L. Maury ; notes scientifiques par le même ; calculs par les colonels Prudent et Maury, M.M. Eydoux et de Saint-Saud ; préface par F. Schrader.
260 _aParis :
_bGirard & Barrère,
_c1922.
300 _a2 v. ;
_c25 cm.
651 4 _aPicos de Europa (España)-
_xDescripción.
_9143550
700 1 _aMaury, L.
_979276
700 1 _aSchrader, Franz (
_d1844-1924)
_9154257
852 _aES-MaACL
_jF-1953-54
999 _c137003
_d137003